00201nam a2200073Ia 4500008004100000100000800041245007000049260000800119120527s9999 xx 000 0 und d aNUC aApproved academic programmes in Nigeria Universities August 2005. bNUC